Respiračný syndróm teliat - stále aktuálny problém z celosvetového hľadiska má respiračný syndróm podstatný podiel na stratovosti teliat

Bibliographic Details
Main Author: Nagy, Oskar, 1961- (Author)
Format: Article
Language:Slovak
PhysicalDescription:Fotogr.
ISSN:1335-1990
Subjects:

MARC

LEADER 00000nab a2200000 a 4500
001 vtls001516473
003 SK-MaSNL
005 20260304214813.0
008 250505c2004 xo mr|p|||||||000 b|slo
015 |a SNBRB2005/03  |2 snkbucl 
035 |a urn:nbn:sk:snk-ab87tq 
035 |a (urnnbn)urn:nbn:sk:snk:ar-006pol 
035 |a (uuid)273e1a62-cceb-434e-adde-cd494cdbe3a7 
038 |a SNKBUCL 
040 |a SNKBUCL  |b slo  |c SNKBUCL  |e AACR2 
041 0 |a slo 
044 |a xo  |c SK 
080 |a 636.2.09:616.2  |2 1997 
080 |a 619:616.2  |2 1997 
100 1 |a Nagy, Oskar,  |d 1961-  |4 aut  |9 215691 
245 1 0 |a Respiračný syndróm teliat - stále aktuálny problém  |b z celosvetového hľadiska má respiračný syndróm podstatný podiel na stratovosti teliat  |c Oskar Nagy 
300 |b Fotogr. 
650 0 7 |a teľatá  |2 snkbucl  |9 2830 
650 0 7 |a respiračný syndróm teliat  |2 snkbucl  |9 1548890 
650 0 7 |a etiológia  |2 snkbucl  |9 20150 
650 0 7 |a terapia  |2 snkbucl  |9 781 
650 0 7 |a prevencia  |2 snkbucl  |9 276631 
773 0 |t Slovenský chov  |g Roč. 9, č. 11 (2004), s. 33-36  |x 1335-1990 
850 |a Slovenská národná knižnica 
852 |a Slovenská národná knižnica 
954 |a odborná, vedecká literatúra pôvodná (slovenská)  |2 lita 
958 |a article9 
958 |a OND 
958 |a EUIPO 
999 |c 3143344  |d 3145274